Statistics for R U Mine - Arctic Monkeys lyrics

Click here to take the quiz!

General Stats

  • This quiz has been taken 1,560 times
  • The average score is 177 of 251

Answer Stats

Answer% Correct
a
99%
i
98%
is
91%
you
91%
are
89%
mine
89%
i'm
88%
on
84%
an
80%
hear
80%
me
80%
tim
80%
to
79%
wanna
79%
be
78%
island
78%
string
78%
and
77%
go
77%
my
77%
say
77%
puppet
76%
crazy
74%
her
74%
in
74%
the
74%
where
74%
feel
72%
like
72%
tracy
72%
memory
71%
satisfaction
71%
can't
70%
here
70%
she's
70%
all
69%
distant
69%
cause
68%
'cause
68%
isnt
68%
isn't
68%
myself
68%
silver
68%
space
68%
feels
67%
help
67%
mind
65%
lining
64%
not
64%
open
64%
diamond
63%
right
63%
when
63%
time
62%
beside
61%
there
61%
late
59%
riding
59%
so
59%
through
59%
too
59%
find
58%
come
57%
ranger
57%
years
55%
lone
54%
morning
54%
deep
52%
for
51%
end
50%
of
50%
need
49%
some
49%
trying
49%
what
49%
just
48%
velvet
48%
guess
47%
keep
46%
shaped
46%
traveling
46%
well
45%
away
44%
baby
44%
days
44%
escape
43%
lost
43%
desire
42%
entire
42%
great
42%
imagining
42%
track
42%
misbehaving
41%
wished
40%
ways
39%
climbing
38%
cutter
38%
heartaches
38%
lifetimes
38%
got
37%
mysterious
37%
case
35%
meeting
35%
mistaken
34%
moves
34%
chase
33%
we're
33%
somewhere
32%
four
30%
unfair
29%
thrill
28%

Score Distribution

Percentile by Number Answered

Percent of People with Each Score

Your Score History

You have not taken this quiz